| 000 | 00760nam a2200241Ia 4500 | ||
|---|---|---|---|
| 003 | GCL | ||
| 008 | 140319s9999 xx 000 0 ara d | ||
| 020 | _a6115401977 | ||
| 040 |
_aGCL / _cGCL |
||
| 082 | 0 | 4 |
_a792.025 _bد ا |
| 100 | 1 | _aمحمد فتحى | |
| 245 | 1 | 0 |
_aاسس الاخراج المسرحى / _cمحمد فتحى |
| 700 | 1 | _aدين ، الكسندر | |
| 700 | 1 | _aسعدية غنيم | |
| 260 |
_aالقاهرة : _bالهيئة المصرية العامة للكتاب ، _c1986 |
||
| 300 |
_a508 ص ؛ _c24 سم |
||
| 650 | 0 | 4 | _aالاخراج المسرحى |
| 650 | 0 | 4 | _aالمسرح |
| 650 | 0 | 4 | _aالمسرحيات |
| 650 | 0 | 4 | _aالفنون المسرحية |
| 650 | 0 | 4 | _aالتمثيل فى المسرح |
| 942 |
_2ddc _cBK |
||
| 999 |
_c58509 _d58509 |
||